En busca del sentido: manual para acompañar a Pixie. Capítulo V

-д хадгалсан:
Номзүйн дэлгэрэнгүй
Үндсэн зохиолчид: Lipman, Matthew (autor), Sharp, Ann Margaret (Зохиогч)
Формат: Ном
Хэл сонгох:испани
Хэвлэсэн: Madrid De la Torre 1989
Цуврал:Proyecto Didáctico Quirón. Programa Filosofía para Niños
Нөхцлүүд:
Шошгууд: Шошго нэмэх
Шошго байхгүй, Энэхүү баримтыг шошголох эхний хүн болох!

MARC

LEADER 00000nam a2200000 a 4500
001 UCN1850
003 CL-VaPUC
008 010504e19890000SP |||||||||||||||||spa|d
082 0 4 |a 808.0683  |b LIP  |2 21 
100 |a Lipman, Matthew  |e autor  |9 414481 
700 0 |a Sharp, Ann Margaret  |e author  |9 457331 
245 1 0 |a En busca del sentido: manual para acompañar a Pixie. Capítulo V 
300 |a pág. irreg 
942 |c BK 
945 |d 20010504 00:00:00  |a cmena 
260 |a Madrid  |b De la Torre  |c 1989 
500 |a En forma separada texto: Pixie 
650 0 |a Literatura infantil   |9 307465 
650 7 |a FILOSOFIA PARA NIÑOS  |2 CL-VaPUC  |9 457332 
650 0 |a Métodos de enseñanza  |9 270413 
583 |a last modification  |c 20010504 00:00:00  |k Rodrigo Vera 
490 0 |a Proyecto Didáctico Quirón. Programa Filosofía para Niños 
999 |c 295075  |d 295073 
952 |0 0  |1 0  |4 0  |6 808_068300000000000_LIP_1989  |7 0  |8 P  |9 347984  |a BIBEDU  |b BIBEDU  |c BIBEDU_PB  |d 2019-11-20  |i 3698513  |o 808.0683 LIP 1989  |p 3698513  |r 2024-01-25  |w 2019-11-20  |y BK  |k EPE 
952 |0 0  |1 0  |4 0  |6 808_068300000000000_LIP_1989  |7 0  |8 P  |9 347985  |a BIBEDU  |b BIBEDU  |c BIBEDU_PB  |d 2019-11-20  |i 3723224  |o 808.0683 LIP 1989  |p 3723224  |r 2024-01-25  |w 2019-11-20  |y BK  |k EPE